Harrap's french and english business dictionary

“More than just a business dictionary, a genuine guide to the whole business world.” —Le Figaro

Zapisane w:
Opis bibliograficzny
1. autor: Harrap
Format: Książka
Język:Undetermined
Wydane: New York McGraw-Hill 2005
Hasła przedmiotowe:
Etykiety: Dodaj etykietę
Nie ma etykietki, Dołącz pierwszą etykiete!
Thư viện lưu trữ: Trung tâm Học liệu Trường Đại học Cần Thơ
LEADER 00723nam a2200217Ia 4500
001 CTU_139108
008 210402s9999 xx 000 0 und d
020 |c 21.24 
082 |a 650.03 
082 |b H254 
100 |a Harrap 
245 0 |a Harrap's french and english business dictionary 
245 0 |c Harrap 
260 |a New York 
260 |b McGraw-Hill 
260 |c 2005 
520 |a “More than just a business dictionary, a genuine guide to the whole business world.” —Le Figaro 
650 |a Business,Việc kinh doanh,English language,Business,Ngôn ngữ Anh,Kinh doanh 
650 |x French,French,Pháp,Pháp 
904 |i Liễu 
980 |a Trung tâm Học liệu Trường Đại học Cần Thơ